Chefs d'états internationaux 2026 - Statistiques

Statistiques générales
  • Ce quiz a été pris 1 025 fois
    11 depuis la dernière actualisation
  • Le résultat moyen est 13 sur 30
Statistiques - réponses
Pays Fonction Réponse % Correct
États-Unis Président Donald Trump
100%
France Président de la République Emmanuel Macron
100%
Italie Première ministre Giorgia Meloni
89%
Russie Président Vladimir Poutine
89%
Israël Premier ministre Benyamin Netanyahou
78%
Turquie Président de la République Recep Tayyip Erdoğan
78%
Corée du Nord Dirigeant suprême Kim Jong-un
67%
Brésil Président de la République Lula Da Silva
67%
Maroc Roi Mohammed VI
67%
Chine Président de la République Xi Jinping
67%
Espagne Président du gouvernement Pedro Sánchez
56%
Ukraine Président Volodymyr Zelensky
56%
Égypte Président de la République Abdel Fattah al-Sissi
44%
Algérie Président de la République Abdelmadjid Tebboune
44%
Iran Guide Mojtaba Khamenei
44%
Pologne Premier ministre Donald Tusk
33%
Allemagne Chancelier fédéral Friedrich Merz
33%
Arabie Saoudite Premier ministre Mohammed ben Salmane
33%
Inde Premier ministre Narendra Modi
33%
Syrie Président de la République Ahmed al-Charaa
22%
Biélorussie Président Alexandre Loukachenko
22%
Mexique Président Claudia Sheinbaum
22%
Afrique du Sud Président de la République Cyril Ramaphosa
22%
Royaume-Uni Premier ministre Keir Starmer
22%
Canada Premier ministre Mark Carney
22%
Hongrie Premier ministre Péter Magyar
22%
Japon Première ministre Sanae Takaichi
11%
Danemark Ministre d'État Mette Frederiksen
0%
Pays-Bas Premier ministre Rob Jetten
0%
Kenya Président de la République William Ruto
0%
Aucun quiz correspondant
Distribution des résultats
% des personnes avec chaque résultat
Percentile par nombre de réponses
Votre historique - résultats
Vous n’avez pas pris ce quiz depuis la dernière actualisation